| 000 | 01014nam a2200265 i 4500 | ||
|---|---|---|---|
| 003 | EG-ScBUE | ||
| 005 | 20231114143831.0 | ||
| 008 | 111122s1968 ua o af b 000 0bbara d | ||
| 040 |
_aEG-ScBUE _bara _erda _cEG-ScBUE _dEG-ScBUE |
||
| 082 | 0 | 4 |
_222 _a928.1 _bع ق ا |
| 100 | 1 |
_927840 _aالعقاد، عامر، _d1936-1985، _eمؤلف. |
|
| 245 | 1 | 0 |
_aلمحات من حياة العقاد / _cعامر العقاد. |
| 250 | _aالطبعة الأولى. | ||
| 264 | 1 |
_aالقاهرة : _bدار الكتاب العربي، _c1968. |
|
| 300 |
_a405 صفحة : _bصور ؛ _c24 سم |
||
| 336 |
_2rdacontent _aنص _btxt |
||
| 337 |
_aبدون وسيط _2rdamedia _bn |
||
| 338 |
_aمجلد _bnc _2rdacarrier |
||
| 504 | _aيشتمل على إرجاعات ببليوجرافية. | ||
| 600 | 1 | 7 |
_98135 _aالعقاد، عباس محمود، _d1889-1964. _2BUEsh |
| 650 | 7 |
_911526 _aالأدباء العرب _zمصر _vتراجم. _2BUEsh |
|
| 653 | _cNovember2011 | ||
| 655 | _vReading book | ||
| 942 |
_2ddc _cBB |
||
| 999 |
_c16246 _d16246 |
||